[Event "Carlos Torre Memorial op 14th"]
[Site "Merida"]
[Date "2001.12.16"]
[Round "3"]
[White "Baldursson, Hrannar"]
[Black "Barrera, Hugo"]
[Result "1-0"]
[WhiteElo "2129"]
[BlackElo "2020"]
[PlyCount "119"]
[EventDate "2001.12.01"]
[EventType "swiss"]
[EventRounds "9"]
[EventCountry "MEX"]
[SourceTitle "CBM 085 Extra"]
[Source "ChessBase"]
[SourceDate "2002.01.21"]
[SourceVersion "1"]
[SourceVersionDate "2002.01.21"]
[SourceQuality "1"]

1. e4 c5 2. Nf3 e6 3. d4 cxd4 4. c3 dxc3 5. Nxc3 Bb4 6. Bd2 Nc6 7. Bc4 a6 8. 0-0 Qc7 9. Rc1 Nf6 10. Bb3 Qb8 11. Re1 d6 12. Nd5 Bxd2 13. Nxf6+ gxf6 14. Qxd2 Bd7 15. Qh6 Ke7 16. Rcd1 Qc7 17. Rd2 Rad8 18. Nh4 Ne5 19. f4 Ng4 20. Qg7 Rdg8 21. Nf5+ exf5 22. Qxf7+ Kd8 23. h3 Rf8 24. Qd5 Qb6+ 25. Qd4 Qxd4+ 26. Rxd4 Nh6 27. Rxd6 Ke7 28. Rd2 Re8 29. exf5+ Kf8 30. Be6 Bc6 31. g4 Nf7 32. Kf2 h5 33. Bxf7 Kxf7 34. Rxe8 Rxe8 35. Kg3 Re3+ 36. Kh4 hxg4 37. hxg4 Rf3 38. Rd4 Rf2 39. b4 Rxa2 40. g5 Re2 41. Rd6 fxg5+ 42. fxg5 Ke7 43. Rg6 Re4+ 44. Kg3 Rxb4 45. Rg7+ Kf8 46. f6 Re4 47. Rc7 a5 48. g6 Re6 49. Rf7+ Ke8 50. Kf4 a4 51. Kg5 a3 52. Rh7 Bd5 53. Rh8+ Kd7 54. f7 a2 55. f8Q a1Q 56. Qc8+ Kd6 57. Rd8+ Ke5 58. Qc7+ Kd4 59. Qf4+ Re4 60. Qd2+ 1-0